00324pab a2200121 454500008004000000100002000040245005900060260000900119300001100128362001100139650001800150773003400168180718b1983 xxu||||| |||| 00| 0 eng d aSandesara, J.C. aEconomic of black incomebA critique of Gutmann method c1983 a547-50 a2 Apr. aMoney - India aEconomic and Political Weekly